Kelley's textbook of rheumatology /

Kelley's Textbook of Rheumatology delivers the state-of-the-art scientific and clinical know-how you need to offer your patients the most effective diagnosis and care. This rheumatology book's sweeping updates highlight current advances and breakthroughs that impact your practice. With Kel...

Full description

Bibliographic Details
Corporate Author: ScienceDirect (Online service)
Other Authors: Firestein, Gary S., Budd, Ralph C., Gabriel, Sherine E., McInnes, Iain B., O'Dell, James R., Kelley, William N., 1939-
Format: eBook
Language:English
Published: Philadelphia, PA : Elsevier/Saunders, ©2013.
Edition:9th ed.
Subjects:
Online Access:Connect to the full text of this electronic book

MARC

Tag First Indicator Second Indicator Subfields
LEADER 00000cam a2200000 i 4500
001 in00005750430
005 20260326192729.6
006 m o d
007 cr cn|---uuuuu
008 120924s2013 paua ob 001 0 eng d
040 |a WUOHS  |b eng  |e rda  |e pn  |c WUOHS  |d Z8Q  |d OUN  |d CUS  |d YDXCP  |d OCLCO  |d TEF  |d WAU  |d MUU  |d N$T  |d TEFOD  |d OPELS  |d BUF  |d VAM  |d OCLCF  |d UKDOC  |d UIU  |d INELK  |d OPELS  |d TEFOD  |d OCLCQ  |d TMC  |d OCL  |d TMC  |d CASUM  |d OCLCQ  |d OCLCO  |d OCLCA  |d NLE  |d OCLCO  |d OCLCQ  |d AU@  |d OCLCO  |d UKMGB  |d OCLCO  |d OCLCA  |d UKAHL  |d OCLCO  |d INARC  |d OCLCQ  |d OCL  |d OCLCO  |d OCLCL  |d OCLCQ  |d OCLCL  |d OCLCQ 
015 |a GBB807147  |2 bnb 
016 7 |a 018658099  |2 Uk 
019 |a 811618460  |a 813928907  |a 1017875883 
020 |a 9781455737673  |q (electronic bk.) 
020 |a 1455737674  |q (electronic bk.) 
020 |a 9781437717389  |q (electronic bk.) 
020 |a 1437717381  |q (electronic bk.) 
020 |z 9781437717389  |q (hardcover ;  |q alk. paper) 
035 |a (OCoLC)810953702  |z (OCoLC)811618460  |z (OCoLC)813928907  |z (OCoLC)1017875883 
037 |a 1B951BD2-E03E-4C02-8BED-3035E1379238  |b OverDrive, Inc.  |n http://www.overdrive.com 
050 4 |a RC927 
060 4 |a WE 544 
072 7 |a MED  |x 083000  |2 bisacsh 
082 0 4 |a 616.7/23  |2 23 
049 |a TXAM 
245 0 0 |a Kelley's textbook of rheumatology /  |c Gary S. Firestein, Ralph C. Budd, Sherine E. Gabriel, Iain B. McInnes, James R. O'Dell. 
246 3 |a Textbook of rheumatology 
250 |a 9th ed. 
264 1 |a Philadelphia, PA :  |b Elsevier/Saunders,  |c ©2013. 
300 |a 1 online resource :  |b illustrations (some color) 
336 |a text  |b txt  |2 rdacontent 
337 |a computer  |b c  |2 rdamedia 
338 |a online resource  |b cr  |2 rdacarrier 
504 |a Includes bibliographical references and index. 
588 0 |a Print version record. 
520 |a Kelley's Textbook of Rheumatology delivers the state-of-the-art scientific and clinical know-how you need to offer your patients the most effective diagnosis and care. This rheumatology book's sweeping updates highlight current advances and breakthroughs that impact your practice. With Kelley's Textbook of Rheumatology, you'll be ready to handle the toughest clinical challenges you face. Search the entire contents online at www.expertconsult.com, download all of images, and watch videos demonstrating the complete musculoskeletal exam, including abnormal findings and the arthroscopic presentation of diseased joints. Review basic science advances and their clinical implications in one place and get dependable, evidence-based guidance with the integrated chapter format that readers of Kelley's Textbook of Rheumatology have always appreciated. Gain a thorough understanding of the "whys" and "hows" of rheumatic disease management with detailed coverage of the very latest breakthroughs and the newest clinical algorithms. 
505 0 |a V. 1 -- Biology of the normal joint -- Synovium -- Cartilage and chondrocytes -- Biology, physiology, and morphology of bone -- Muscle: anatomy, physiology, and biochemistry -- Biomechanics -- Regenerative medicine and tissue engineering -- Proteinases and matrix degradation -- Dendritic cells -- Mononuclear phagocytes in rheumatic diseases -- Neutrophils -- Eosinophils -- T lymphocytes -- B cells -- Fibroblasts and fibroblast-like synoviocytes -- Mast cells -- Platelets -- Innate immunity -- Adaptive immunity and organization of lymphoid tissues -- Autoimmunity -- Genetics of rheumatic diseases -- Epigenetics -- Complement system -- Prostaglandins, leukotrienes, and related compounds -- Cell recruitment and angiogenesis -- Cytokines -- Cell survival and death in rheumatic diseases -- Experimental models for rheumatoid arthritis -- Neural regulation of pain and inflammation -- Principles of epidemiology in rheumatic disease -- Economic burden of rheumatic diseases -- Clinical trial design and analysis -- Assessment of health outcomes -- Biologic markers -- Occupational and recreational musculoskeletal disorders -- Cardiovascular risk in rheumatic disease -- Cancer risk in rheumatic diseases -- Introduction to physical medicine, physical therapy, and rehabilitation -- Pregnancy in the rheumatic diseases -- History and physical examination of the musculosketetal system -- Acute monoarthritis -- Polyarticular arthritis -- The skin and rheumatic diseases -- The eye and rheumatic diseases -- Neck pain -- Shoulder pain -- Low back pain -- Hip and knee pain -- Foot and ankle pain -- Hand and wrist pain -- Temporomandibular joint pain -- Fibromyalgia -- Synovial fluid analyses, synovial biopsy, and synovial pathology -- Arthrocentesis and injection of joints and soft tissue -- Antinuclear antibodies -- Autoantibodies in rheumatoid arthritis -- Acute phase reactants and the concept of inflammation -- Imaging modalities in rheumatic diseases -- Prostanoid biology and its therapeutic targeting -- Glucocortiocoid therapy -- Traditional DMARDs: methotrexate, leflunomide, sulfasalazne, hydroxychloroquine, and combination therapies -- Immunosuppressive drugs -- Anticytokin therapies -- Cell-targeted biologics and targets: rituximab, abatacept, and other biologics -- Antihyperuricemic agents -- Analgesic agents in rheumatic disease -- Psychosocial management of rheumatic diseases -- Nutrition and rheumatic diseases -- V. 2 -- Etiology and pathogenesis of rheumatoid arthritis -- Clinical features of rheumatoid arthritis -- Treatment of rheumatoid arthritis -- Early synovitis and early undifferentiated arthritis -- Sjögren's syndrome -- Pathogenesis of ankylosing spondylitis and reactive arthritis -- Ankylosing spondylitis -- Reactive arthritis and undifferentiated spondyloarthritis -- Psoriatic arthritis -- Enteropathic arthritis -- Etiology and pathogenesis of systemic lupus erythematosus -- Clinical features of systemic lupus erythematosus -- Treatment of systemic lupus erythematosus -- Antiphospholipid syndrome -- Etiology and pathogenesis of scleroderma -- Clinical features and treatment of scleroderma -- Inflammatory diseases of muscle and other myopathies -- Overlap syndromes -- Classification and epidemiology of systemic vasculitis -- Giant cell arteritis, polymyalgia rheumatica, and takayasu's arteritis -- Antineutrophil cytoplasm antibody-associated vasculitis -- Polyarteritis nodosa and related disorders -- Immune complex-mediated small vessel vasculitis -- Primary angiitis of the central nervous system -- Behcet's disease -- Etiology and pathogenesis of hyperuricemia and gout -- Clinical features and treatment of gout -- Calcium crystal disease: calcium pyrophosphate dihydrate and basic calcium phosphate -- Familial autoinflammatory syndromes -- Pathogenesis of osteoarthritis -- Clinical features of osteoarthritis -- Treatment of osteoarthritis -- Metabolic bone disease -- Proliferative bone diseases -- Osteonecrosis -- Relapsing polychondritis -- Heritable diseases of connective tissue -- Etiology and pathogenesis of juvenile idiopathic arthritis -- Treatment of juvenile idiopathic arthritis -- Pediatric systemic lupus erythematosus, dermatomyositis, scleroderma, and vasculitis -- Bacterial arthritis -- Lyme disease -- Mycobacterial infections of bones and joints -- Fungal infections of bones and joints -- Rheumatic manifestations of human immunodeficiency virus infection -- Viral arthritis -- Poststreptococcal arthritis and rheumatic fever -- Amyloidosis -- Sarcoidosis -- Hemochromatosis -- Hemophilic arthropathy -- Rheumatologic manifestations of hemoglobinopathies -- Endocrine diseases and the musculoskeletal system -- Musculoskeletal syndromes in malignancy -- Tumors and tumor-liked lesions of joints and related structures. 
650 0 |a Rheumatology. 
650 0 |a Rheumatism. 
650 0 |a Arthritis. 
650 0 |a Collagen diseases. 
650 0 |a Joints  |x Diseases. 
650 0 |a Systemic lupus erythematosus. 
650 1 2 |a Rheumatic Diseases 
650 2 2 |a Arthritis 
650 2 2 |a Collagen Diseases 
650 2 2 |a Joint Diseases 
650 2 2 |a Lupus Erythematosus, Systemic 
650 2 |a Rheumatology 
650 6 |a Rhumatologie. 
650 6 |a Rhumatisme. 
650 6 |a Arthrite. 
650 6 |a Collagénoses. 
650 6 |a Articulations  |x Maladies. 
650 6 |a Lupus érythémateux disséminé. 
650 7 |a arthropathy.  |2 aat 
650 7 |a MEDICAL  |x Rheumatology.  |2 bisacsh 
650 7 |a Systemic lupus erythematosus  |2 fast 
650 7 |a Joints  |x Diseases  |2 fast 
650 7 |a Collagen diseases  |2 fast 
650 7 |a Arthritis  |2 fast 
650 7 |a Rheumatism  |2 fast 
650 7 |a Rheumatology  |2 fast 
655 7 |a Electronic books.  |2 local 
655 7 |a Textbooks  |2 fast 
655 7 |a Textbooks.  |2 lcgft 
700 1 |a Firestein, Gary S. 
700 1 |a Budd, Ralph C. 
700 1 |a Gabriel, Sherine E. 
700 1 |a McInnes, Iain B. 
700 1 |a O'Dell, James R. 
700 1 |a Kelley, William N.,  |d 1939-  |1 https://id.oclc.org/worldcat/entity/E39PBJvT3hq4xTK6wCKDcJQcyd 
710 2 |a ScienceDirect (Online service) 
776 0 8 |i Print version:  |t Kelley's textbook of rheumatology.  |b 9th ed.  |d Philadelphia, PA : Elsevier/Saunders, ©2013  |z 9781437717389  |w (DLC) 2011036500  |w (OCoLC)748763460 
856 4 0 |u http://proxy.library.tamu.edu/login?url=https://www.sciencedirect.com/science/book/9781437717389  |z Connect to the full text of this electronic book  |t 0 
955 |a Elsevier ScienceDirect 2026-2027 
994 |a 92  |b TXA 
999 f f |i abe809b9-555a-4e26-a80b-5a1762c99479  |s d9b90f2e-544d-4f2f-b9d7-74debeafae60  |t 0 
952 f f |a Texas A&M University  |b College Station  |c Electronic Resources  |s www_evans  |d Available Online  |t 0  |e RC927   |h Library of Congress classification 
998 f f |a RC927   |t 0  |l Available Online